Okresný zdravotný ústav v Prievidzi

Zobrazenie: Pohľad v tenkom čiernom orámovaní a následne v bielom orámovaní na budovu Okresného zdravotného ústavu spredu. Pred budovou je kamenný múr s kovovým plotom navrchu

Bibliographic Details
Other Authors: Braun, D. (fotograf) (Photographer)
Format: Postcard
Language:Slovak
PhysicalDescription:1 pohľadnica čiernobiela 10 x 15 cm
Published: [Prievidza?] [vydavateľ neznámy] [1929?]
Subjects:

MARC

LEADER 00000ckm a2200000 a 4500
001 vtls011621218
003 SK-MaSNL
005 20260512122904.0
007 kp bo
008 240131q1929 xo g kuslo
015 |a SNBG1929 
035 |a urn:nbn:sk:snk-km00du6w 
035 |a urn:nbn:sk:snk-km3ltv4 
035 |a 87F27742-B404-4A9D-9314-574287158C48 
040 |a SNK  |b slo  |c SNK  |e AACR2 
041 0 |a slo 
043 |a e-xo--- 
044 |a xo  |c SK 
072 7 |a 913  |x Regionálna geografia  |2 konspekt 
080 |a (084.121)  |2 2011 
080 |a 913(437.613.755)  |2 2001 
080 |a 614.2:725.5  |2 2001 
080 |a 913(437.6)  |2 2011 
080 |a 614.2  |2 2011 
080 |a 721  |2 2011 
080 |a 614.2:725.1  |2 2011 
100 1 |a Braun, D.  |c (fotograf)  |4 pht  |9 427068 
245 1 0 |a Okresný zdravotný ústav v Prievidzi  |h grafika  |c foto D. Braun, Prievidza 
260 |a [Prievidza?]  |b [vydavateľ neznámy]  |c [1929?]  |e Prievidza  |f Patria 
300 |a 1 pohľadnica  |b čiernobiela  |c 10 x 15 cm 
500 |a Názvové údaje prevzaté z obrazovej časti pohľadnice 
520 8 |a Zobrazenie: Pohľad v tenkom čiernom orámovaní a následne v bielom orámovaní na budovu Okresného zdravotného ústavu spredu. Pred budovou je kamenný múr s kovovým plotom navrchu 
650 0 7 |a zdravotnícke zariadenia  |2 SNKPH  |9 3009 
650 0 7 |a zdravotníctvo  |2 SNKPH  |9 1269 
650 0 7 |a budovy  |2 SNKPH  |9 1283 
651 7 |a Prievidza (Slovensko)  |2 SNKPHgeo  |9 25558 
655 7 |a miestne pohľadnice  |2 SNKPH  |9 70510 
852 |a Slovenská národná knižnica 
958 |a GBN 
958 |a GC 
958 |a OND 
958 |a EUIPO 
999 |c 678751  |d 680681 
952 |a SNK  |b SNK  |y PREZ  |7 0  |p 17A1222932  |o snkSP 20184  |z Pohľadnica prešla poštou.  |0 0  |1 0  |4 0  |d 2017-03-30  |f 1  |l 0  |r 2026-02-23 19:49:35  |w 2026-02-23